| 000 | 00863nam a2200241Ia 4500 | ||
|---|---|---|---|
| 003 | GCL | ||
| 008 | 140319s9999 xx 000 0 ara d | ||
| 040 |
_aGCL / _cGCL |
||
| 082 | 0 | 4 |
_a342.03 _bم أ |
| 100 | 1 | _aمحمد ابو زيد محمد على | |
| 245 | 1 | 0 |
_aالازدواج البرلمانى واثره فى تحقيق الديمقراطية دراسة مقارنه وتطبيقية على النظام الدستورى المصرى / _cمحمد ابو زيد محمد على |
| 300 | _a835 ص | ||
| 490 | _a | ||
| 650 | 0 | 4 | _aمجلس الشعب |
| 650 | 0 | 4 | _aالديمقراطية |
| 650 | 0 | 4 | _aالدستور |
| 650 | 0 | 4 | _aالقانون الدستورى |
| 650 | 0 | 4 | _aالدولة |
| 650 | 0 | 4 | _aالهيئات التشريعية |
| 650 | 0 | 4 | _aمجلس الشورى |
| 650 | 0 | 4 | _aالممارسة البرلمانية |
| 942 |
_2ddc _cBK |
||
| 999 |
_c37567 _d37567 |
||